000 00892cam2a220025300 4500
001 lce00583903
008 711020s1966 inu b 000 0 eng
010 _a 66018592 //r82
035 _a(Sirsi) r107399
035 _a(DLC) 66018592 //r82
035 _a(UPRA)lce00583903
040 _dUPRA
043 _an-us---
050 0 _aKF9315
_b.L3
082 _a364.155
100 1 _aLader, Lawrence.
_6A65262.1
245 1 0 _aAbortion.
260 _aIndianapolis :
_bBobbs-Merrill,
_c[1966]
504 _aBibliography: p. 196-202.
650 0 _aAbortion -- Law and legislation -- United States.
_xAbortion -- Law and legislation -- United States.
_zAbortion -- Law and legislation -- United States.
_6S50456.1
650 0 _aAbortion -- Law and legislation.
_xAbortion -- Law and legislation.
_6S19800.1
949 _aKF9315
_wlcc
_i33729002084387
_mMAIN
_tBOOK
_lON-SHELF
004 107399
999 _c172548
_d172548